| 000 | 00458nam a2200133Ia 4500 | ||
|---|---|---|---|
| 008 | 191206s9999 xx 000 0 und d | ||
| 020 | _a899460704 | ||
| 090 | _aHM131G718 | ||
| 245 | 0 | _aGroup Dynamics and Society: A Multinational Approach | |
| 260 | _aPublished for the European Institute for Trans-National Studies in Group and Organizational Developm | ||
| 260 | _ccc1980 | ||
| 300 | _a"xii, 355 p. : ill. ; 24 cm." | ||
| 999 |
_c16092 _d16092 |
||